Технология получения магний- и кремний-модифицированных гидроксиапатитов и биорезорбируемых композиционных материалов с использованием полимеров молочной кислоты: автореферат диссертации на соискание ученой степени кандидата технических наук; спец. 05.17.11

Bibliografische gegevens
Hoofdauteur: Рассказова Л. А. Людмила Алексеевна
Coauteur: Национальный исследовательский Томский государственный университет (ТГУ) Кафедра неорганической химии
Andere auteurs: Козик В. В. Владимир Васильевич (научный руководитель)
Samenvatting:Заглавие с титульного экрана
Электронная версия печатной публикации
Taal:Russisch
Gepubliceerd in: Томск, 2015
Onderwerpen:
Online toegang:http://www.lib.tpu.ru/fulltext/a/2015/69.pdf
Formaat: Elektronisch Boek
KOHA link:https://koha.lib.tpu.ru/cgi-bin/koha/opac-detail.pl?biblionumber=308226

MARC

LEADER 00000nlm0a2200000 4500
001 308226
005 20231102002055.0
035 |a (RuTPU)RU\TPU\book\333535 
035 |a RU\TPU\book\333533 
090 |a 308226 
100 |a 20151029d2015 k y0rusy50 ca 
101 0 |a rus 
102 |a RU 
105 |a a dm 001zy 
135 |a drcn ---uucaa 
181 0 |a i  
182 0 |a b 
200 1 |a Технология получения магний- и кремний-модифицированных гидроксиапатитов и биорезорбируемых композиционных материалов с использованием полимеров молочной кислоты  |b Электронный ресурс  |e автореферат диссертации на соискание ученой степени кандидата технических наук  |e спец. 05.17.11  |f Л. А. Рассказова  |g Национальный исследовательский Томский государственный университет (ТГУ), Кафедра неорганической химии ; науч. рук. В. В. Козик 
203 |a Текст  |c электронный 
210 |a Томск  |d 2015 
215 |a 1 файл (1.3 Mb) 
230 |a Электронные текстовые данные (1 файл : 1.3 Mb) 
300 |a Заглавие с титульного экрана 
300 |a Электронная версия печатной публикации 
337 |a Adobe Reader 
452 1 |0 (RuTPU)RU\TPU\book\338384  |t Технология получения магний- и кремний-модифицированных гидроксиапатитов и биорезорбируемых композиционных материалов с использованием полимеров молочной кислоты  |o автореферат диссертации на соискание ученой степени кандидата технических наук  |o спец. 05.17.11  |f Л. А. Рассказова  |g Национальный исследовательский Томский государственный университет (ТГУ), Кафедра неорганической химии ; науч. рук. В. В. Козик  |c Томск  |n [Б. и.]  |d 2015  |p 22 с.  |a Рассказова, Людмила Алексеевна 
606 1 |a Гидроксиапататы  |2 stltpush  |3 (RuTPU)RU\TPU\subj\3014  |9 31482 
610 1 |a авторефераты диссертаций 
610 1 |a электронный ресурс 
610 1 |a труды учёных ТПУ 
610 1 |a костные ткани 
610 1 |a замены 
610 1 |a модифицирование 
610 1 |a неорганические вещества 
610 1 |a синтез 
610 1 |a композиционные материалы 
610 1 |a молочная кислота 
610 1 |a полимеры 
610 1 |a композиты 
610 1 |a получение 
610 1 |a биосовместимость 
675 |a 661.84(04)  |v 3 
686 |a 05.17.11  |2 oksvnk 
700 1 |a Рассказова  |b Л. А.  |c специалист в области экологии и безопасности жизнедеятельности  |c ассистент кафедры Томского политехнического университета  |g Людмила Алексеевна  |2 stltpush  |3 (RuTPU)RU\TPU\pers\35469 
702 1 |a Козик  |b В. В.  |c химик-технолог  |c профессор-консультант Юргинского технологического института Томского политехнического университета  |f 1947-  |g Владимир Васильевич  |2 stltpush  |3 (RuTPU)RU\TPU\pers\31583  |4 727  |9 15743 
712 0 2 |a Национальный исследовательский Томский государственный университет (ТГУ)  |b Кафедра неорганической химии  |c (2009- )  |2 stltpush  |3 (RuTPU)RU\TPU\col\17230 
801 2 |a RU  |b 63413507  |c 20160202  |g RCR 
856 4 |u http://www.lib.tpu.ru/fulltext/a/2015/69.pdf 
942 |c CF